[Event "14th Chicago Open"]
[Site "Wheeling USA"]
[Date "2010.05.27"]
[Round "1"]
[White "Morales Mendoza,Lu"]
[Black "Adams,Mi"]
[Result "0-1"]
[WhiteElo "2188"]
[BlackElo "2697"]

1.d4 Nf6 2.Bg5 c5 3.Bxf6 gxf6 4.d5 Qb6 5.Qc1 f5 6.c4 Bg7 7.Nc3 d6 8.e3 Nd7
9.Qc2 Ne5 10.Be2 Bd7 11.Nf3 h5 12.Nd2 O-O-O 13.O-O Rdg8 14.a3 f4 15.exf4 Ng6
16.Kh1 Nxf4 17.Bf3 Kb8 18.Rab1 Bxc3 19.Qxc3 Bf5 20.Rbe1 e5 21.g3 Nh3 22.Re3 h4
23.b4 Ng5 24.Bg2 f6 25.f4 h3 26.Be4 Nxe4 27.Nxe4 cxb4 28.axb4 Bxe4+ 29.Rxe4 f5
30.Re2 e4 31.Rc1 Rc8 32.c5 Qb5 33.Ra2 Rhe8 34.Qd4 Qd3 35.Qxd3 exd3 36.Rca1 dxc5
37.Rxa7 d2  0-1

[Event "III Copa Roggio C"]
[Site "Asuncion PAR"]
[Date "2010.05.29"]
[Round "9"]
[White "Luzuriaga,N"]
[Black "Gomez Harika,M"]
[Result "1/2-1/2"]
[WhiteElo "1885"]
[BlackElo "1518"]

1.d4 Nf6 2.Bg5 g6 3.Bxf6 exf6 4.e3 f5 5.g3 Bg7 6.Bg2 d6 7.Ne2 Nd7 8.c3 Nf6
9.Nd2 O-O 10.O-O Re8 11.Qc2 Rb8 12.Rfe1 b6 13.Rad1 Bb7 14.Nf4 Bxg2 15.Kxg2 d5
16.Nf3 Ng4 17.Qa4 Qd6 18.h4 c6 19.Ra1  1/2-1/2

[Event "NAO"]
[Site "Stillwater USA"]
[Date "2010.05.30"]
[Round "7"]
[White "Patton,T"]
[Black "Whitcomb,B"]
[Result "1-0"]
[WhiteElo "2078"]
[BlackElo "1979"]

1.d4 Nf6 2.Bg5 g6 3.Nd2 Bg7 4.e3 O-O 5.Bd3 d6 6.Ngf3 Nbd7 7.O-O c5 8.c3 b6
9.Qe2 Re8 10.Rfd1 Bb7 11.e4 h6 12.Bh4 Nh5 13.Bg3 Nxg3 14.hxg3 cxd4 15.cxd4 e6
16.Rac1 Rc8 17.Ba6 Bxa6 18.Qxa6 Rxc1 19.Rxc1 Qb8 20.Qc4 d5 21.Qc6 Nf6 22.e5 Nh5
23.Qc7 Bf8 24.Qxb8 Rxb8 25.Rc7 Ra8 26.a3 a5 27.Ne1 Ng7 28.g4 h5 29.f3 hxg4
30.fxg4 Ne8 31.Rc6 Bh6 32.Ndf3 Be3+ 33.Kf1 Rb8 34.Ke2 Bh6 35.Nd3 Rb7 36.g5 Bf8
37.Nf2 Nc7 38.Ng4 Be7 39.Nf6+ Bxf6 40.gxf6 Kf8 41.Kd3 Ke8 42.Rc1 Kf8 43.Ng5 b5
44.Rc5 Ke8 45.Kc3 b4+ 46.axb4 Nb5+ 47.Kd3 axb4 48.Rc8+ Kd7 49.Rf8 Kc6 50.Rxf7 Rxf7
51.Nxf7 Kd7 52.Nh8 g5 53.Nf7 g4 54.g3 Kc7 55.Nh6 Kd7 56.Nxg4 Ke8 57.Nh6 Kf8
58.g4  1-0

[Event "Maia Chiburdanidze Cup"]
[Site "Tbilisi GEO"]
[Date "2010.05.31"]
[Round "6"]
[White "Mamedjarova,Z"]
[Black "Charkhalashvili,I"]
[Result "1/2-1/2"]
[WhiteElo "2269"]
[BlackElo "2352"]

1.d4 Nf6 2.Bg5 c5 3.Bxf6 exf6 4.Nc3 Nc6 5.d5 Ne5 6.f4 Ng6 7.Qd2 d6 8.O-O-O Be7
9.e4 Bd7 10.Kb1 a6 11.Nf3 Qb6 12.g3 O-O-O 13.Bg2 Kb8 14.Rhe1 Rhe8 15.Re3 Rc8
16.Rde1 Bd8 17.Nd1 Qa5 18.Qe2 Bb5 19.Qf2 Bc7  1/2-1/2

[Event "XXIX Open A"]
[Site "Zalakaros HUN"]
[Date "2010.06.03"]
[Round "9"]
[White "Istvanovszki,M"]
[Black "Hrbolka,L sr"]
[Result "1-0"]
[WhiteElo "2258"]
[BlackElo "2135"]

1.d4 Nf6 2.Bg5 d5 3.Bxf6 exf6 4.e3 Bd6 5.g3 c6 6.Bg2 Bf5 7.Nd2 Na6 8.a3 Qd7
9.c4 Rd8 10.cxd5 cxd5 11.Qb3 Bb8 12.Ne2 b6 13.O-O O-O 14.Rfc1 h5 15.a4 h4
16.Nc3 Nc7 17.Na2 hxg3 18.hxg3 g6 19.Nb4 Kg7 20.a5 Bh3 21.axb6 axb6 22.Bf3 Bg4
23.Qd1 Bxf3 24.Qxf3 Ne6 25.Rc6 Ng5 26.Qxf6+  1-0

[Event "FSIMA June"]
[Site "Budapest HUN"]
[Date "2010.06.06"]
[Round "2"]
[White "Tavoularis,N"]
[Black "Kett,T"]
[Result "0-1"]
[WhiteElo "2130"]
[BlackElo "2223"]

1.d4 Nf6 2.Bg5 c5 3.d5 Qb6 4.Nc3 Qxb2 5.Bd2 Qb6 6.e4 d6 7.f4 Bg4 8.Be2 Bxe2
9.Qxe2 e6 10.Nf3 Be7 11.dxe6 fxe6 12.Ng5 d5 13.exd5 exd5 14.Ne6 Kd7 15.Nxg7 d4
16.O-O Rg8 17.Rab1 Qc6 18.Rxb7+ Qxb7 19.Qe6+ Kd8 20.Ne4 Nbd7 21.Ba5+ Nb6
22.Nxc5 Bxc5 23.Qxf6+ Qe7 24.Qc6 Rxg7 25.Qxa8+ Kc7 26.Qxa7+ Kc6 27.Qa6 Qe4
28.Rf2 d3  0-1

[Event "Copper State Int B"]
[Site "Mesa USA"]
[Date "2010.06.07"]
[Round "6"]
[White "Sedlak,N"]
[Black "Kiewra,K"]
[Result "0-1"]
[WhiteElo "2567"]
[BlackElo "2311"]

1.d4 Nf6 2.Bg5 c5 3.Bxf6 gxf6 4.d5 f5 5.c4 Bg7 6.Nc3 d6 7.e3 Nd7 8.Qc2 Ne5
9.Be2 Bd7 10.Nh3 Ng6 11.O-O Rg8 12.f4 e5 13.dxe6 fxe6 14.Bf3 Qc7 15.Ng5 h6
16.Nb5 Qb6 17.Rad1 Bf8 18.Nh7 Be7 19.Nf6+ Bxf6 20.Rxd6 Qa5 21.b4 cxb4 22.Rxd7 Kxd7
23.Qd3+ Ke7 24.Qd6+ Kf7 25.Qd7+ Be7 26.Nc7 Qb6 27.c5 Qxc5 28.Qxe6+ Kg7  0-1

[Event "9th TCh-BIH Premier"]
[Site "Bihac BIH"]
[Date "2010.06.08"]
[Round "4"]
[White "Trkulja,G"]
[Black "Saric,Ib"]
[Result "1/2-1/2"]
[WhiteElo "2343"]
[BlackElo "2558"]

1.d4 Nf6 2.Bg5 d5 3.Nd2 Nbd7 4.Ngf3 c5 5.c3 e6 6.e3 Be7 7.Bd3 b6 8.O-O Bb7
9.Ne5 Nxe5 10.dxe5 Nd7 11.Bxe7 Qxe7 12.f4 O-O 13.Qh5 g6 14.Qh3 f6 15.exf6 Rxf6
16.Bb5 Nf8 17.Nf3 a6 18.Ba4 b5 19.Bc2 Nd7 20.Ng5 Raf8 21.a4 b4 22.a5 Bc6
23.cxb4 Bb5 24.Rfc1 e5 25.bxc5 Nxc5 26.fxe5  1/2-1/2

[Event "14th FIDE Open"]
[Site "Voronezh RUS"]
[Date "2010.06.12"]
[Round "1"]
[White "Katkov,V"]
[Black "Agibalov,Ilya"]
[Result "1-0"]
[WhiteElo "2108"]
[BlackElo "1741"]

1.d4 Nf6 2.Bg5 g6 3.Bxf6 exf6 4.e3 f5 5.g3 Bg7 6.Bg2 O-O 7.Ne2 d5 8.Nf4 c6
9.O-O Nd7 10.b3 Re8 11.Nd2 Nf8 12.Rc1 Ne6 13.Nd3 Ng5 14.c4 Ne4 15.b4 a6 16.cxd5 cxd5
17.Nf3 Bd7 18.a4 Rc8 19.Qb3 Be6 20.Rxc8 Qxc8 21.Rc1 Qb8 22.Nc5 Rc8 23.Bf1 Qa7
24.Rc2 Nxc5 25.bxc5 Bd7 26.Nd2 Bc6 27.Nb1 Rd8 28.Nc3 Rd7 29.Bg2 Qb8 30.Bxd5 Bxd5
31.Nxd5 Qd8 32.Nb6 Rc7 33.Qd5 Qxd5 34.Nxd5 Rd7 35.Nb6 Rc7 36.Nc4 Bf8 37.Rb2 Be7  1-0

[Event "Royal Residence Cup"]
[Site "Zhovkva UKR"]
[Date "2010.06.12"]
[Round "5"]
[White "Vetoshko,V"]
[Black "Meleshko,V"]
[Result "1/2-1/2"]
[WhiteElo "2206"]
[BlackElo "2215"]

1.d4 Nf6 2.Bg5 c5 3.Bxf6 gxf6 4.Nc3 f5 5.Qd3 Bg7 6.e3 Nc6 7.Nf3 Qa5 8.Be2 d6
9.O-O Bd7 10.a3 Rc8 11.Rfd1 c4 12.Qd2 b5 13.Nd5 Qxd2 14.Rxd2 e6 15.Nf4 Ke7
16.Nh5 Rhg8  1/2-1/2

[Event "9th TCh-BIH Premier"]
[Site "Bihac BIH"]
[Date "2010.06.13"]
[Round "9"]
[White "Kekic,A"]
[Black "Marjanovic,Dej"]
[Result "0-1"]
[WhiteElo "2217"]
[BlackElo "2043"]

1.d4 Nf6 2.Bg5 d5 3.Bxf6 exf6 4.e3 Bd6 5.Bd3 c6 6.Nd2 O-O 7.Ngf3 Be6 8.c3 Nd7
9.Qc2 h6 10.O-O Rc8 11.e4 dxe4 12.Nxe4 Bb8 13.Ng3 Qc7 14.c4 Rfd8 15.h3 Nf8
16.Rad1 Rd7 17.Rfe1 Rcd8 18.b4 a6 19.a4 Ba7 20.Ne2 Ng6 21.c5 Ne7 22.Rb1 Bd5
23.Be4 Bb8 24.b5 axb5 25.axb5 Bxe4 26.Qxe4 f5 27.Qc2 cxb5 28.Rxb5 Ng6 29.Qxf5 Re7
30.Rbb1 Rde8 31.Ng3 Nf4 32.Rxe7 Rxe7 33.Re1 Rxe1+ 34.Nxe1 Ne6 35.Nf3 Qd7
36.Qe4 g6 37.Ne2 Nxc5 38.Qe3 Ne6 39.Qxh6 Qb5 40.Qc1 Bd6 41.Ng3 Qd3 42.Qc8+ Kg7
43.Qxb7 Qd1+ 44.Kh2 Nxd4 45.Nxd4 Qxd4 46.Qf3 Qe5 47.Kg1 Qa1+ 48.Nf1 Bh2+
49.Kxh2 Qxf1 50.h4 Qc4 51.g3 Qd4 52.Kg2 Qd6 53.h5 gxh5 54.Qxh5 Qe6 55.f4 Qc6+
56.Kh2 Qc2+ 57.Kh3 Qc6 58.Kg4 Qa6 59.Qg5+ Kf8 60.Qc5+ Kg7 61.Qe5+ Kg8 62.Kh5 Qg6+
63.Kh4 f5 64.Qd5+ Kg7 65.Qe5+ Kg8 66.Qd5+ Kg7 67.Qd4+ Kh7 68.Kh3 Qg4+ 69.Kg2 Qe2+
70.Qf2 Qe4+ 71.Qf3 Qc2+ 72.Kh3 Kg6 73.Kh4  0-1

[Event "14th FIDE Open"]
[Site "Voronezh RUS"]
[Date "2010.06.13"]
[Round "2"]
[White "Provkin,V"]
[Black "Shishkin,Alex"]
[Result "1-0"]
[WhiteElo "2204"]
[BlackElo "2061"]

1.d4 Nf6 2.Bg5 c5 3.d5 d6 4.Nc3 Nbd7 5.e4 a6 6.a4 Qa5 7.Bd2 g6 8.f4 Bg7 9.Nf3 O-O
10.Bc4 Qc7 11.h3 Re8 12.O-O e6 13.dxe6 fxe6 14.f5 gxf5 15.exf5 Ne5 16.Nxe5 dxe5
17.Bg5 Kh8 18.Bxf6 Bxf6 19.Ne4 Bg7 20.Qh5 Bd7 21.f6 Bxf6 22.Nxf6  1-0

[Event "Open"]
[Site "Teplice CZE"]
[Date "2010.06.15"]
[Round "4"]
[White "Dolezal,Ra1"]
[Black "Braun,Mare"]
[Result "1/2-1/2"]
[WhiteElo "2429"]
[BlackElo "2187"]

1.d4 Nf6 2.Bg5 g6 3.Nc3 d5 4.Bxf6 exf6 5.e4 dxe4 6.Nxe4 Bg7 7.c3 O-O 8.Bd3 f5
9.Ng3 Re8+ 10.N3e2 Qg5 11.Kf1 b6 12.h4 Qf6 13.Qd2 Bb7 14.Qf4 c5 15.Nf3 Qc6
16.h5 Nd7 17.hxg6 hxg6 18.Rh2 Nf6 19.Qh4 Ng4 20.Qh7+ Kf8 21.Rh3 Rad8 22.Rg3 Nf6
23.Qh2 Ng4 24.Qh7 Nf6 25.Qh2 Ng4 26.Qh7 Nf6 27.Qh2  1/2-1/2

[Event "45th Capablanca Mem Open"]
[Site "Havana CUB"]
[Date "2010.06.19"]
[Round "9"]
[White "Olivera Medrano,J"]
[Black "Castillo Coca,M"]
[Result "1/2-1/2"]
[WhiteElo "2396"]
[BlackElo "2106"]

1.d4 Nf6 2.Bg5 d5 3.e3 Bf5 4.Bxf6 exf6 5.Bd3 Bxd3 6.Qxd3 c6 7.Nd2 Bd6 8.Ne2 O-O
9.O-O Na6 10.c3 Re8 11.e4 Nc7 12.Rfe1 Qd7 13.Qf3 Ne6 14.h4 Bc7 15.Ng3 Qd6
16.exd5 cxd5 17.Ndf1 Rad8 18.Nh5 Nf4 19.Nxf4 Qxf4 20.Qxd5 g6 21.Qb5 Re6 22.g3 Qf3
23.Qc4 Qc6 24.b3 Ba5 25.Qxc6 Rxc6 26.b4 Bb6 27.Rac1 Rdc8 28.d5 Rxc3 29.Rxc3 Rxc3
30.Re2 Kf8 31.d6 Rc4 32.a3 Rd4 33.Re7 Rxd6 34.Rxb7 Rd1 35.Rb8+ Ke7 36.Rc8 Ra1
37.Rc3 Ra2 38.Ne3 Ke6 39.Kg2 f5 40.Kf3 h5 41.Nc2 Ke5 42.Ke2 Bd4 43.Kd2 Bxc3+
44.Kxc3 Ke4 45.Kb3 Rxc2 46.Kxc2 Kf3 47.a4 Kxf2 48.b5 Kxg3 49.a5 f4 50.b6 axb6
51.axb6 f3 52.b7 f2 53.b8=Q+ Kg2 54.Qb7+ Kg1 55.Qb6 Kg2 56.Qc6+ Kg1 57.Qc5 Kg2
58.Qd5+ Kg1 59.Qd4 Kg2 60.Qd2 Kg1 61.Qg5+ Kh1 62.Qf4 Kg2 63.Qxf7 f1=Q 64.Qxg6+  1/2-1/2

[Event "4th Open"]
[Site "Varna BUL"]
[Date "2010.06.20"]
[Round "9"]
[White "Aleksandrov,G"]
[Black "Kovachev,R"]
[Result "1-0"]
[WhiteElo "2245"]
[BlackElo "1631"]

1.d4 d5 2.Bg5 Nf6 3.Bxf6 exf6 4.Nf3 Bd6 5.e3 O-O 6.Bd3 Be6 7.O-O Nd7 8.c3 c5
9.dxc5 Nxc5 10.Bc2 Qb6 11.Qc1 Rfe8 12.Nbd2 Rac8 13.Nb3 Ne4 14.Nbd4 Bg4 15.h3 Be6
16.Rd1 Rc5 17.Nb3 Rcc8 18.Nfd4 f5 19.Re1 a6 20.Qd1 g6 21.Qe2 f4 22.exf4 Bxf4
23.Qf3 Qc7 24.Bxe4 dxe4 25.Rxe4 Bh6 26.Nxe6 fxe6 27.Rae1 e5 28.Qe2 Bg7 29.f4 Re6
30.Nd4 Qb6 31.Kh1 Ree8 32.fxe5 Rf8 33.Nf3 Qe6 34.c4 Rf5 35.Nd4 Qd7 36.Nxf5 Qxf5
37.e6 Re8 38.Rf1 Qa5 39.b3 Re7 40.Rf7 Rxf7 41.exf7+ Kxf7 42.Re7+ Kg8 43.Qe6+  1-0

[Event "14th FIDE Open"]
[Site "Voronezh RUS"]
[Date "2010.06.20"]
[Round "8"]
[White "Provkin,V"]
[Black "Petukhov,D"]
[Result "0-1"]
[WhiteElo "2204"]
[BlackElo "2286"]

1.d4 Nf6 2.Bg5 c5 3.Bxf6 gxf6 4.d5 d6 5.e3 Bg7 6.c3 f5 7.Ne2 Nd7 8.Nf4 Nf6
9.Bc4 Bd7 10.a4 Qa5 11.Nd2 O-O-O 12.O-O Rhg8 13.b4 cxb4 14.cxb4 Qxb4 15.Nd3 Qa5
16.Nb3 Qc7 17.Rc1 Kb8 18.a5 Ne4 19.Qe1 Rc8 20.Nd4 Nc5 21.Nb4 Ka8 22.Na2 f4
23.a6 Bh3 24.axb7+ Qxb7 25.gxh3 Bxd4+ 26.Kh1 Qd7 27.Rg1 Qxh3 28.Bf1 Rxg1+  0-1

[Event "Scheveningen"]
[Site "Kefar Sava ISR"]
[Date "2010.06.21"]
[Round "2"]
[White "Arlinsky,U"]
[Black "Levine,Y"]
[Result "1-0"]
[WhiteElo "2293"]
[BlackElo "2085"]

1.d4 Nf6 2.Bg5 g6 3.Bxf6 exf6 4.e3 Bg7 5.Nd2 d6 6.g3 f5 7.Bg2 Nd7 8.Ne2 O-O
9.O-O Nf6 10.c4 c6 11.Nc3 a5 12.Qc2 Bd7 13.Rab1 g5 14.b4 Qc7 15.b5 f4 16.Nde4 Nxe4
17.Nxe4 h6 18.b6 Qb8 19.c5 Bf5 20.Nf6+ Bxf6 21.Qxf5 Bg7 22.gxf4 gxf4 23.Be4 Re8
24.Kh1 Qd8 25.Rg1 Kf8 26.Qh7 Qf6 27.Rg4 fxe3 28.fxe3 Rxe4 29.Qxe4 Re8 30.Qg2 h5
31.Rf4 Qh6 32.Qf3 Re7 33.Rf1 Qe6 34.cxd6 Rd7 35.Qxh5 Qxa2 36.Rf5 Qe6 37.Rxa5 Rxd6
38.Raf5 Rd7 39.Qf3 Re7 40.Rg1  1-0

[Event "Scheveningen"]
[Site "Kefar Sava ISR"]
[Date "2010.06.29"]
[Round "8"]
[White "Botvinnik,M ISR"]
[Black "Steinberg,N"]
[Result "1-0"]
[WhiteElo "2348"]
[BlackElo "2221"]

1.d4 Nf6 2.Bg5 d5 3.Nd2 g6 4.Bxf6 exf6 5.Ngf3 Bg7 6.e3 c6 7.c4 O-O 8.cxd5 cxd5
9.Be2 Re8 10.O-O Qd6 11.Rc1 f5 12.g3 Nd7 13.Qb3 Nf6 14.Rc2 Re7 15.Rfc1 Qd8
16.Nb1 Ne4 17.Nc3 Nxc3 18.Rxc3 h6 19.Bf1 Be6 20.Bg2 Rd7 21.Ne1 g5 22.Nd3 b6
23.Qc2 Qe7 24.a3 Re8 25.f4 f6 26.Rc8 Bf7 27.Rxe8+ Qxe8 28.Kf2 Bf8 29.Qc8 Rd8
30.Qc6 Rd7 31.Qxf6 Rd6 32.Qxf5 Bg6 33.Qe5 Qd7 34.Nc5 Qb5 35.Bxd5+ Rxd5 36.Qxd5+ Bf7
37.Qf5 bxc5 38.b4 Qa4 39.bxc5 Qxa3 40.Qc2 Qa6 41.c6 Qc8 42.c7 gxf4 43.gxf4 Be7
44.f5 Bh4+ 45.Ke2 Qa6+ 46.Kd2 Qc8 47.Rb1  1-0

[Event "1st Open"]
[Site "Marrakesh MAR"]
[Date "2010.06.29"]
[Round "6"]
[White "Ouakhir,M"]
[Black "Pogorelov,R"]
[Result "0-1"]
[WhiteElo "2237"]
[BlackElo "2454"]

1.d4 Nf6 2.Bg5 g6 3.e3 h6 4.Bh4 b6 5.Bd3 Bb7 6.Nf3 d6 7.O-O Nbd7 8.Qe2 a6
9.e4 g5 10.Bg3 Nh5 11.a4 Bg7 12.e5 Nxg3 13.fxg3 dxe5 14.Be4 Bxe4 15.Qxe4 exd4
16.Nxd4 O-O 17.Nc6 Nc5 18.Nxd8 Nxe4 19.Nc6 Bxb2 20.Ra2 Bg7 21.Ra3 a5 22.Rd3 Nc5
23.Rdf3 Nxa4 24.Na3 Nc3 25.Rxc3 Bxc3 26.Nb5  0-1

[Event "IsBank TCh-TUR"]
[Site "Konya TUR"]
[Date "2010.06.30"]
[Round "2"]
[White "Miroshnichenko,E"]
[Black "Salepci,O"]
[Result "0-1"]
[WhiteElo "2684"]
[BlackElo "2130"]

1.d4 Nf6 2.Bg5 c5 3.Bxf6 gxf6 4.d5 Qb6 5.Qc1 Na6 6.c4 Bh6 7.e3 d6 8.Nc3 Bf5
9.Qd2 Rg8 10.Rc1 O-O-O 11.Nge2 Bd7 12.g3 Bf5 13.Bg2 Nb4 14.O-O Nd3 15.Rb1 Ne5
16.Ne4 Nxc4 17.Qd3 Qa6 18.Rfc1 Nxe3 19.Qxa6 bxa6 20.fxe3 Bxe3+ 21.Kf1 Bxc1
22.Rxc1 Kd7 23.b3 Rb8 24.Kf2 Rb4 25.Ke3 Bxe4 26.Bxe4 e6 27.Bxh7 Rh8 28.Bd3 Rxh2
29.Bc4 f5 30.Kf3 e5 31.Rf1 Ke7 32.Ke3 Kf6 33.Bd3 Rh5 34.Bxa6 Kg5 35.Bd3 e4
36.Bc4 Rb8 37.Nf4 Rh2 38.Be2 Rg8 39.a4 Kf6 40.Rg1 Rb8 41.Bc4 Rg8 42.a5 Ke5
43.a6 Rb2 44.Ne2 Rh8 45.Rf1 Rg8 46.Kf2 Rh8 47.Kg2 Rh6 48.Rf2 Rh8 49.Nc3 Rh2+
50.Kxh2 Rxf2+ 51.Kg1 Rc2 52.Nb5 e3 53.Nxa7 Ke4 54.Nb5 Kf3 55.a7 Rxc4 56.a8=Q Rc1+
57.Kh2 e2 58.Qe8 e1=Q 59.Qxe1 Rxe1 60.Nxd6 Re2+ 61.Kh3 Re5 62.Nxf7 Rxd5 63.Ng5+ Ke3
64.Ne6 Kf3 65.Ng5+ Kf2 66.Kh4 Rd4+ 67.Kh3 Rd8  0-1

[Event "1st Open"]
[Site "Marrakesh MAR"]
[Date "2010.07.02"]
[Round "9"]
[White "Iotov,V"]
[Black "Evdokimov,Alexa"]
[Result "0-1"]
[WhiteElo "2569"]
[BlackElo "2551"]

1.d4 Nf6 2.Bg5 c5 3.Bxf6 gxf6 4.d5 Qb6 5.Qc1 f5 6.c4 Bg7 7.Nc3 d6 8.e3 Nd7
9.Qc2 Ne5 10.Be2 Bd7 11.Nh3 Ng6 12.O-O O-O 13.Rad1 a6 14.Bd3 Rad8 15.f4 e6
16.Kh1 Qa5 17.e4 Bxc3 18.bxc3 Ba4 19.Qd2 Bxd1 20.Rxd1 fxe4 21.Bxe4 f5 22.Bd3 e5
23.fxe5 dxe5 24.Ng5 e4 25.Be2 Rd6 26.Ne6 Re8 27.Qe3 Qxa2 28.Rf1 Rexe6 29.dxe6 Qd2
30.Qf2 f4 31.h4 Rxe6 32.Bg4 Rd6 33.Qxc5 e3 34.Qc8+ Kg7 35.Qxb7+ Kh8 36.Qf7 Qxc3  0-1

[Event "ch-NOR"]
[Site "Fredrikstad NOR"]
[Date "2010.07.04"]
[Round "2"]
[White "Urkedal,F"]
[Black "Elsness,F"]
[Result "1-0"]
[WhiteElo "2414"]
[BlackElo "2485"]

1.d4 Nf6 2.Bg5 d5 3.Bxf6 exf6 4.e3 Bd6 5.c4 dxc4 6.Bxc4 O-O 7.Nc3 f5 8.Nge2 Nd7
9.O-O c6 10.Qc2 Nf6 11.h3 Bc7 12.Rfd1 Qd6 13.g3 Be6 14.Bxe6 fxe6 15.Rac1 Nd5
16.Nxd5 exd5 17.b4 Rf7 18.b5 cxb5 19.Qb3 Qd7 20.Rc5 f4 21.Nxf4 Bxf4 22.exf4 Rd8
23.Qxb5 b6 24.Qxd7 Rfxd7 25.Rc3 Re8 26.Rdc1 Re4 27.Rc7 Rxc7 28.Rxc7 a5 29.Rb7 Rxd4
30.Rxb6 Kf7 31.Rb5 Ra4 32.Rxd5 Rxa2 33.Rd7+ Kf6 34.Ra7 h5 35.Kg2 Ra4 36.Ra6+ Kf5
37.h4 Ra2 38.Rb6 g6 39.Rb5+ Kf6 40.Rg5 a4 41.f5 gxf5 42.Rxh5 a3 43.Rh6+ Kg7
44.Ra6 Kf7 45.Kf3 Kg7 46.Ra4 Kg6 47.Ke3 Kh5 48.f3 Rg2 49.Kf4 a2 50.Ra8 Kg6
51.Ra6+ Kh5 52.Ra5 Rb2 53.Ra8 Rf2 54.Rh8+ Kg6 55.h5+ Kg7 56.Ra8 Kh6 57.Kxf5 Rxf3+
58.Kg4 Rf2 59.Ra6+ Kh7 60.Kg5 Rb2 61.Ra7+ Kg8 62.g4 Rb5+ 63.Kh4 Rb2 64.h6 Kf8
65.Kh5 Rb5+ 66.g5 Rb2 67.h7  1-0

[Event "IsBank TCh-TUR"]
[Site "Konya TUR"]
[Date "2010.07.04"]
[Round "7"]
[White "Sirin,A"]
[Black "Vural,O"]
[Result "1-0"]
[WhiteElo "2250"]
[BlackElo "1896"]

1.d4 Nf6 2.Bg5 d5 3.e3 e6 4.Nf3 Be7 5.Nbd2 Nbd7 6.Bd3 O-O 7.h4 b6 8.c3 Bb7
9.Qc2 c5 10.Bf4 Re8 11.Rh3 c4 12.Be2 Nf8 13.Kf1 b5 14.h5 N6d7 15.g4 f6 16.Re1 b4
17.e4 bxc3 18.bxc3 Rc8 19.exd5 Bxd5 20.Ne4 Qb6 21.g5 Qc6 22.Bd1 f5 23.Ned2 Bd6
24.Bxd6 Qxd6 25.Qa4 Bc6 26.Qa5 Bd5 27.Ba4 Re7 28.Nh4 Nb6 29.Bc2 Rb7 30.Qa6 Qf4
31.Ndf3 Nfd7 32.Qa3 Qg4 33.Rg3 Qxh5 34.g6 hxg6 35.Rg5 Qh7 36.Qd6  1-0

[Event "IsBank TCh-TUR"]
[Site "Konya TUR"]
[Date "2010.07.05"]
[Round "9"]
[White "Arig,B"]
[Black "Asan,E"]
[Result "1/2-1/2"]
[WhiteElo "1778"]
[BlackElo "1796"]

1.d4 Nf6 2.Bg5 d5 3.Nf3 e6 4.e3 Be7 5.Bd3 Nbd7 6.O-O O-O 7.Nbd2 h6 8.Bh4 c5
9.c3 Re8 10.Qe2 Ng4 11.Bxe7 Qxe7 12.e4 dxe4 13.Nxe4 Ngf6 14.Rad1 Nxe4 15.Qxe4 Nf6
16.Qe5 b6 17.Bb5 Bd7 18.Bxd7 Nxd7 19.Qe3 Rad8 20.Rfe1 Nf6 21.Ne5 Nd5 22.Qf3 Qf6
23.Qxf6 Nxf6 24.dxc5 bxc5 25.a3 Rb8 26.b4 cxb4 27.axb4 Nd5 28.Nc6 Rb6 29.Rxd5 Rxc6
30.Rd3 Rec8 31.Rc1 a6 32.Kf1 Rc4 33.Rd6 Rxb4 34.Rxa6 Rb2 35.Rd6 Ra8 36.Rd3  1/2-1/2

[Event "ch-SWE Mastarklassen"]
[Site "Lund SWE"]
[Date "2010.07.06"]
[Round "4"]
[White "Eklund,J"]
[Black "Hultin,P"]
[Result "1-0"]
[WhiteElo "2192"]
[BlackElo "2105"]

1.d4 Nf6 2.Bg5 d5 3.Bxf6 exf6 4.e3 Bd6 5.g3 O-O 6.Bg2 Bf5 7.Ne2 Re8 8.Nd2 c6
9.O-O Nd7 10.b3 Nf8 11.c4 Ba3 12.cxd5 cxd5 13.Nf4 Bb2 14.Rb1 Ba3 15.b4 Bxb1
16.Qxb1 a5 17.b5 Rc8 18.Nxd5 a4 19.Qd3 Qa5 20.Nc4 Qxb5 21.Ndb6 Rxc4 22.Nxc4 Rc8
23.Qxa3 Rxc4 24.Be4 Rb4 25.Rc1 g6 26.Rc7 b6 27.Ra7 Ne6 28.Bd3 Rb1+ 29.Kg2 Qd5+  1-0

[Event "9th Open"]
[Site "La Fere FRA"]
[Date "2010.07.08"]
[Round "7"]
[White "Dal Borgo,A"]
[Black "Meunier,S"]
[Result "1-0"]
[WhiteElo "2204"]
[BlackElo "1944"]

1.d4 Nf6 2.Bg5 d5 3.e3 g6 4.Bxf6 exf6 5.c4 dxc4 6.Bxc4 Bd6 7.Nc3 O-O 8.Qf3 Nd7
9.Nge2 Nb6 10.Bb3 Qe7 11.O-O Re8 12.Nb5 Bb4 13.a3 Ba5 14.Qg3 Nd5 15.Bxd5 c6
16.b4 Bd8 17.Bxf7+ Qxf7 18.Nd6 Bc7 19.Nxf7 Bxg3 20.Nh6+ Kg7 21.hxg3 Kxh6
22.Nc3 Bd7 23.e4 a5 24.f3 Ra7 25.Na4 axb4 26.Nb6 Rd8 27.axb4 Rxa1 28.Rxa1 Be6
29.d5 cxd5 30.exd5 Rd6 31.dxe6 Rxb6 32.Re1  1-0

[Event "FSIM July"]
[Site "Budapest HUN"]
[Date "2010.07.09"]
[Round "7"]
[White "Tran Tuan Minh"]
[Black "Berczes,C"]
[Result "0-1"]
[WhiteElo "2083"]
[BlackElo "2384"]

1.d4 Nf6 2.Bg5 d5 3.Bxf6 gxf6 4.e3 c5 5.dxc5 Qa5+ 6.Nc3 e6 7.Qh5 Qxc5 8.O-O-O f5
9.Nge2 Nd7 10.Nd4 Nf6 11.Qh4 Be7 12.Bb5+ Bd7 13.Bxd7+ Nxd7 14.Qh6 Nf6 15.h3 Rg8
16.g4 Rg6 17.Qf4 fxg4 18.hxg4 Rxg4 19.Qf3 Rg6 20.e4 dxe4 21.Nxe4 Nxe4 22.Qxe4 O-O-O
23.Nb3 Qc6 24.Rxd8+ Bxd8 25.Qxc6+ bxc6 26.Nd4 e5 27.Nf3 e4 28.Ne5 Bg5+ 29.Kd1 Rd6+
30.Ke1 Bd2+ 31.Ke2 Bf4 32.Nxf7 Rd2+ 33.Ke1 Rxc2 34.Rh4 Bc7 35.Rxe4 Rxb2 36.Rh4 Rxa2
37.Rxh7 a5 38.Rh8+ Kb7 39.Nd8+ Bxd8 40.Rxd8 a4 41.Rd2 Rxd2 42.Kxd2 c5 43.Kc3 Kc6  0-1

[Event "ch-Paris Int"]
[Site "Paris FRA"]
[Date "2010.07.10"]
[Round "8"]
[White "Den Heeten,D"]
[Black "Karavade,E"]
[Result "0-1"]
[WhiteElo "2328"]
[BlackElo "2378"]

1.d4 Nf6 2.Bg5 c5 3.Bxf6 gxf6 4.d5 Qb6 5.Qc1 f5 6.c4 Bg7 7.Nc3 d6 8.e3 Nd7
9.Be2 Nf6 10.Bd3 e6 11.Qc2 Bd7 12.Nge2 O-O 13.O-O Qd8 14.Rad1 Qe7 15.Rfe1 Ng4
16.Ng3 Qh4 17.h3 Ne5 18.Nce2 Rad8 19.f4 Ng6 20.Rf1 Ne7 21.Rf3 a6 22.e4 fxe4
23.Nxe4 Nf5 24.g3 Qe7 25.Kh2 b5 26.N4c3 b4 27.Ne4 h6 28.g4 Nh4 29.Rf2 f5
30.gxf5 exf5 31.N4g3 Qe3 32.Ng1 Rf6 33.Nf1 Qd4 34.Nf3 Qxf4+  0-1

[Event "Int ch-SVK OpenA"]
[Site "Banska Stiavnica SVK"]
[Date "2010.07.12"]
[Round "3"]
[White "Rey,Fa"]
[Black "Butkiewicz,L"]
[Result "0-1"]
[WhiteElo "2113"]
[BlackElo "2375"]

1.d4 Nf6 2.Bg5 c5 3.Bxf6 gxf6 4.d5 Qb6 5.Qc1 f5 6.g3 Bg7 7.c3 d6 8.Bg2 Nd7
9.Nd2 Nf6 10.Nh3 Qc7 11.Qc2 b5 12.Nf1 Bh6 13.Nf4 Rg8 14.Bf3 Rb8 15.Ne3 e5
16.dxe6 fxe6 17.Neg2 d5 18.a4 b4 19.c4 d4 20.e3 Kf7 21.exd4 cxd4 22.Rd1 Qd6
23.c5 Qe5+ 24.Kf1 Ba6+ 25.Nd3 b3 26.Qb1 Qxc5 27.Be2 Bxd3 28.Bxd3 Rgd8 29.f4 Qd5
30.Kg1 Rbc8 31.Re1 Rc5 32.Nh4 Rdc8 33.h3 Rc2 34.Rh2 Bxf4 35.Bxc2 bxc2 36.Rxc2 Rxc2
37.Qxc2 Bxg3 38.Rc1 Bxh4 39.Qc7+ Kg6 40.Kh2 Bg5 41.Rg1 h6 42.h4 Ng4+ 43.Rxg4 fxg4
44.hxg5 hxg5 45.Qb8 d3 46.Qg8+ Kf5 47.Qf7+ Ke4 48.Qh7+ Kf3 49.Qf7+ Ke2 50.Qxa7 d2
51.Qa6+ Ke1  0-1

[Event "ZDMI Open"]
[Site "Dresden GER"]
[Date "2010.07.13"]
[Round "4"]
[White "Ciara,D"]
[Black "Schirmer,W"]
[Result "1-0"]
[WhiteElo "1990"]
[BlackElo "2087"]

1.d4 Nf6 2.Bg5 g6 3.Bxf6 exf6 4.e3 d5 5.g3 Bg7 6.Bg2 O-O 7.Nd2 f5 8.Ne2 c6
9.c4 Be6 10.Nf4 Re8 11.cxd5 Bxd5 12.Nxd5 cxd5 13.O-O Qa5 14.Nb3 Qd8 15.Nc5 Nd7
16.Nxd7 Qxd7 17.Qb3 Rad8 18.Rac1 b6 19.Rc2 g5 20.Bh3 g4 21.Bg2 Re6 22.Rfc1 Qd6
23.Rc7 f4 24.gxf4 Rh6 25.Qc3 Qg6 26.Rc8 Rf8 27.Qb4 Rh5 28.R1c6 Qb1+ 29.Rc1 Qg6
30.Qe7 Qh6 31.Rxf8+ Bxf8 32.Rc8 a5 33.a4 Qg7 34.Qd7 Rh3 35.Rxf8+  1-0

[Event "5th Summer Cup"]
[Site "Porto Carras GRE"]
[Date "2010.07.13"]
[Round "3"]
[White "Soultatis,K"]
[Black "Capone,N"]
[Result "0-1"]
[WhiteElo "2105"]
[BlackElo "1877"]

1.d4 Nf6 2.Bg5 c5 3.Bxf6 gxf6 4.d5 Qb6 5.Qc1 Bh6 6.e3 d6 7.g3 Nd7 8.Nd2 f5
9.Bg2 Nf6 10.Ne2 Bd7 11.c4 O-O-O 12.Qc2 Ng4 13.h3 Ne5 14.f4 Ng6 15.O-O-O Bg7
16.Nc3 a5 17.Rhe1 e6 18.e4 Ne7 19.e5 dxe5 20.fxe5 Rhg8 21.Qd3 Ng6 22.Nf3 Bh6+
23.Kb1 Nf4 24.Qf1 Rxg3 25.Bh1 Rdg8 26.h4 Ng2 27.Bxg2 Rxg2 28.Re2 R2g4 29.Rc2 Qb4
30.a3 Qxc4 31.Ne2 Qb5 32.Nfd4 Qb6 33.Rc3 Ba4 34.Rdd3 Kb8 35.Rb3 Bxb3 36.Rxb3 Qa6
37.Nc6+ Ka8 38.Ne7 Rg1 39.Qxg1 Rxg1+ 40.Nxg1 Qf1+ 41.Ka2 Qxg1 42.d6 Qd4 43.Nc8 Qxh4
44.Nb6+ Kb8 45.Nd7+ Kc8 46.Nxc5 b6  0-1

[Event "XII Open"]
[Site "Sant Marti ESP"]
[Date "2010.07.13"]
[Round "1"]
[White "Moskalenko,V1"]
[Black "Heredia Tarrats,A"]
[Result "1-0"]
[WhiteElo "2565"]
[BlackElo "2174"]

1.d4 Nf6 2.Bg5 g6 3.Bxf6 exf6 4.e3 b6 5.Be2 Bb7 6.Bf3 Nc6 7.Ne2 f5 8.c4 Na5
9.Bxb7 Nxb7 10.Nbc3 c6 11.O-O Bg7 12.b4 Qe7 13.c5 O-O 14.a3 h5 15.Rb1 h4
16.h3 Rfe8 17.Qd3 b5 18.a4 a6 19.Rfd1 Qf6 20.Rd2 Bh6 21.Ra2 Re7 22.axb5 cxb5
23.Nd5  1-0

[Event "Int ch-SVK OpenA"]
[Site "Banska Stiavnica SVK"]
[Date "2010.07.14"]
[Round "5"]
[White "Hrabusa,M"]
[Black "Sochorova,Petra"]
[Result "1-0"]
[WhiteElo "2296"]
[BlackElo "2175"]

1.d4 Nf6 2.Bg5 c5 3.Nc3 cxd4 4.Qxd4 Nc6 5.Qh4 d6 6.e4 h6 7.O-O-O Rg8 8.Bxf6 gxf6
9.h3 Be6 10.f4 Qa5 11.Kb1 f5 12.g4 Bg7 13.Nge2 fxe4 14.a3 O-O-O 15.f5 Bc4
16.Nxe4 d5 17.f6 dxe4 18.Rxd8+ Qxd8 19.fxg7 Qd1+ 20.Nc1 Rxg7 21.Qxh6 Rg8
22.Qf4 Qd4 23.Bxc4 Qxc4 24.Re1 Rh8 25.Rxe4 Qd5 26.Re3 f6 27.Rd3 Qe6 28.Nb3 Qe1+
29.Ka2 Qe5 30.Qf3 Qg5 31.Rc3 Kb8 32.Nc5 Qe5 33.Nd7+  1-0